10 NAJLEPSZYCH PIŁKARZY W 2021 R. - Statystyki

Ogólne statystyki
  • Ten quiz został rozwiązany 798 razy
  • Średni wynik to 6 z 10
Statystyki odpowiedzi
PIŁKARZ % Poprawnych
2 Lionel Messi
97%
8 Cristiano Ronaldo
96%
1 Robert Lewandowski
91%
6 Kylian Mbappe
83%
4 Karim Benzema
64%
7 Erling Haaland
47%
3 Mohamed Salah
47%
10 Kevin De Bruyne
38%
9 N'Golo Kante
18%
5 Jorginho
10%
Nie znaleziono quizów pasujących do podanych kryteriów
Rozkład punktacji
Procent ludzi z każdym wynikiem
Percentyl według liczby udzielonych odpowiedzi
Twoja historia wyników
Nie rozwiązałeś tego quizu